| 000 | 00635nam a22002292 4500 | ||
|---|---|---|---|
| 001 | 9520 | ||
| 003 | BD-RjUL | ||
| 005 | 20211208234806.0 | ||
| 008 | 140121t1960 e 001 0 eng d | ||
| 035 | _a(BD-RjUL)9565 | ||
| 040 |
_aUKM _cUKM _dEQO _dBD-RjUL _beng |
||
| 041 | _aeng | ||
| 082 | 0 | 4 |
_a540 _218 _bPII 1960 |
| 100 | 1 |
_aPickard, Norman J. _929498 |
|
| 245 | 1 | 0 |
_aIntroductory chemistry and physics / _cNorman J. Pickard. |
| 260 |
_bVan Nostrand, _cc1960. _aLondon : |
||
| 300 |
_a243 p. : _bill. ; _c24 cm. |
||
| 504 | _aIncludes index. | ||
| 650 | 1 |
_aChemistry _929499 |
|
| 700 | 1 |
_aRadomsky, Steve W. _929500 |
|
| 942 |
_2ddc _cBK |
||
| 999 |
_c9520 _d9520 |
||